00942nab a22002177a 4500999001500000003000400015005001700019008004100036040000700077100002700084245005000111260007200161300001300233505018700246505008900433650002300522650002200545650001900567773012500586942001300711 c6082d6082OSt20260121190353.0190502c xxu||||| |||| 00| 0 spa d cPJ 96858aHilgendorf, Eric13aTriaje, derecho y ética /cEric Hilgendorf. aCiudad Autónoma de Buenos Aires :bThomson Reuters La Ley,c2024. ap. 35-45 aSumario: I. La pandemia de coronavirus como desafío para el derecho.— II. Barreras argumentativas.— III. Opinión de las sociedades médicas.— IV. Triaje y derecho penal.  t¿Te interesa el texto completo? Solicitalo al correo: koha@justierradelfuego.gov.ar 09343aDERECHO PENAL 095216aCORONAVIRUS 095233aPANDEMIA0 0272993180dBuenos Aires : LexisNexis, 2006-tRevista de derecho penal y procesal penal. Nº 6 - Junio 2024z9875920622 2udccANA